000 00533nam a2200169 i 4500
001 61547
003 ES-MaACL
005 20230906164501.0
007 t|
008 031112s1913 sp c |||| | spa d
111 2 _aExposición Nacional de Artes Decorativas (
_d1913.
_cMadrid)
_9701
245 1 0 _aCatálogo oficial de la Exposición de Artes Decorativas.
260 _a[Madrid :
_bs.n.,
_c1913] (
_fArtes Gráficas)
300 _a54 p. ;
_c19 cm.
650 _aArtes decorativas-
_zEspaña.
_9174870
852 _aES-MaACL
_jFol-Laf-406
999 _c61547
_d61547